000 00827nam a22003130a 4500
001 PT35972
003 AR-LpoUNG
005 20210131230331.0
008 191001s2004||||sp |||||||||||||||||spa d
020 _a8497562615
_c$78.50
040 _aAR-LpoUNG
_bspa
_cAR-LpoUNG
_eaacr
041 _aspa
044 _asp
082 0 _aR910.3 864gui
100 1 _aLópez-Davalillo Larrea, Julio
245 1 0 _aGuía de los países y territorios del mundo
260 _aMadrid :
_bSíntesis,
_c2004.
300 _a1039 p. :
_bmapas
650 4 _aANALISIS HISTORICO
650 4 _aASPECTOS GEOGRAFICOS
650 4 _aASPECTOS SOCIALES
650 4 _aDATOS ESTADISTICOS
650 4 _aDISTRIBUCION GEOGRAFICA
650 4 _aGEOGRAFIA
650 4 _aGEOGRAFIA POLITICA
651 4 _aMundial
905 _a35972
942 _cLSALA
999 _c2851
_d2851